书目信息 |
| 题名: |
中国市场经济法治发展报告
|
|
| 作者: | 许明月 主编 | |
| 分册: | ||
| 出版信息: | 北京 法律出版社 2013 |
|
| 页数: | 319页 | |
| 开本: | 24cm | |
| 丛书名: | ||
| 单 册: | ||
| 中图分类: | D922.290.4 | |
| 科图分类: | ||
| 主题词: | 市场经济--经济法--研究报告--中国--2011-2012 , 市场经济 , 经济法 | |
| 电子资源: | ||
| ISBN: | 978-7-5118-4591-7 | |
| 000 | 00920nam0 2200265 450 | |
| 001 | 523 | |
| 005 | 20140908081514.31 | |
| 010 | @a978-7-5118-4591-7@dCNY59.00 | |
| 100 | @a20130423d2013 em y0chiy50 ea | |
| 101 | 0 | @achi |
| 102 | @aCN@b110000 | |
| 105 | @ay z 000yy | |
| 106 | @ar | |
| 200 | 1 | @a中国市场经济法治发展报告@e2011-2012@f许明月主编 |
| 210 | @a北京@c法律出版社@d2013 | |
| 215 | @a319页@d24cm | |
| 300 | @a市场经济法治蓝皮书 | |
| 330 | @a本书包括总报告、专题报告和学术研究三部分,内容涉及中国竞争法治发展的现状与新进展、中国公用企业法治建设的现状与展望、中国农村经济法治发展的回顾与展望、中国证券资本市场的法治建设与展望、入世十年背景下的中国涉外经济法治等。 | |
| 606 | 0 | @a市场经济@x经济法@x研究报告@y中国@z2011-2012 |
| 606 | 0 | @a市场经济 |
| 606 | 0 | @a经济法 |
| 690 | @aD922.290.4@v5 | |
| 701 | 0 | @a许明月@4主编 |
| 801 | 0 | @aCN@bTANGWEI@c20140603 |
| 905 | @b0842549-51@dD922.290.4@e1111@f3 | |
| 中国市场经济法治发展报告:2011-2012/许明月主编.-北京:法律出版社,2013 |
| 319页;24cm |
| 市场经济法治蓝皮书 |
| ISBN 978-7-5118-4591-7:CNY59.00 |
| 本书包括总报告、专题报告和学术研究三部分,内容涉及中国竞争法治发展的现状与新进展、中国公用企业法治建设的现状与展望、中国农村经济法治发展的回顾与展望、中国证券资本市场的法治建设与展望、入世十年背景下的中国涉外经济法治等。 |
| ● |
| 相关链接 |
|
|
|
|
正题名:中国市场经济法治发展报告
索取号:D922.290.4/1111
 
预约/预借
| 序号 | 登录号 | 条形码 | 馆藏地/架位号 | 状态 | 备注 |
| 1 | 0842549 | 208425499 | 第一样本阅览室/ [索取号:D922.290.4/1111] | 在馆 | |
| 2 | 0842550 | 208425505 | 第一借阅区/ [索取号:D922.290.4/1111] | 在馆 | |
| 3 | 0842551 | 208425514 | 密集书库-史法系/ [索取号:D922.290.4/1111] | 在馆 |